ONE PIECE - Statistiques

Statistiques générales
  • Ce quiz a été pris 110 fois
  • Le résultat moyen est 10 sur 11
Statistiques - réponses
Question Réponse % Correct
Quel est le surnom de Luffy ? Chapeau de paille
100%
Qui est le frère de Monkey D. Luffy ? Portgas D. Ace
100%
Qui est l'auteur de cette série ? Eiichirō Oda
99%
Et Baggy le Clown ? Le fruit de la fragmentation
99%
Qui a caché le One Piece ? Gold Roger
98%
Qui est le cuisinier de l'équipage ? Sanji
98%
Qui est le 1er membre de l'équipage à avoir été recruté ? Zoro
98%
Quel fruit du démon a mangé Luffy ? Le fruit du Gum Gum
95%
Quand fut créé la saga One Piece ? 22 juillet 1997
89%
Quand est sortie la série One piece sur Netflix (avec les acteurs) ? 31 août 2023
61%
Dans quel chapitre apparait Mihawk pour la première fois ? 49e
33%
Aucun quiz correspondant
Distribution des résultats
% des personnes avec chaque résultat
Percentile par nombre de réponses
Votre historique - résultats
Vous n’avez pas pris ce quiz